El ascenso de la insignificancia
En este libro el autor recopila una serie de textos donde analiza a profundidad la situación sociopolítica y cultural de “occidente”. Con un amplio bagaje histórico, se determinan relaciones y conexiones contemporáneas con la antigüedad grecolatina: democracia ateniense e imaginarios políticos. Otro...
Sábháilte in:
| Príomhchruthaitheoir: | |
|---|---|
| Formáid: | LEABHAR |
| Teanga: | Undetermined |
| Foilsithe / Cruthaithe: |
Madrid, España
Ediciones Cátedra
1998
|
| Ábhair: | |
| Clibeanna: |
Cuir clib leis
Níl clibeanna ann, Bí ar an gcéad duine le clib a chur leis an taifead seo!
|
MARC
| LEADER | 00000nam a2200000Ia 4500 | ||
|---|---|---|---|
| 008 | 170316s9999 xx 000 0 und d | ||
| 040 | |a cru BVZT | ||
| 090 | |a 100 C-22.1a | ||
| 100 | |a Castoriadis, Cornelius | ||
| 245 | |a El ascenso de la insignificancia | ||
| 260 | |a Madrid, España | ||
| 260 | |b Ediciones Cátedra | ||
| 260 | |c 1998 | ||
| 300 | |a 238 páginas | ||
| 520 | |a En este libro el autor recopila una serie de textos donde analiza a profundidad la situación sociopolítica y cultural de “occidente”. Con un amplio bagaje histórico, se determinan relaciones y conexiones contemporáneas con la antigüedad grecolatina: democracia ateniense e imaginarios políticos. Otros temas que se desarrollan son la crisis de las sociedades occidentales, los movimientos de los años sesenta, la pulverización del marxismo-leninismo y la crisis del proceso de identificación. | ||
| 650 | |a FILOSOFÍA |9 5 | ||
| 650 | |a LA INSIGNIFICANCIA | ||
| 650 | |a KAIROS | ||
| 650 | |a KOINONIA | ||
| 650 | |a POLIS | ||
| 650 | |a MARXISMO - LENINISMO | ||
| 650 | |a ANTROPOLOGÍA | ||
| 650 | |a POLÍTICA |9 77 | ||
| 650 | |a FREUD - LA SOCIEDAD - LA HISTORIA | ||
| 650 | |a LA DEMOCRACIA ATENIENSE | ||
| 650 | |a LA CULTURA - SOCIEDAD DEMOCRATICA | ||
| 650 | |a LA ÉTICA | ||
| 999 | |c 15877 |d 15877 | ||
| 942 | |c SALA |h 100 C-22.1a |2 z | ||
